[Event "Airthings Masters - Match Preliminari"]
[Site "Internet"]
[Date "03.02.2023"]
[Round "P1.1"]
[White "Robson, Ray"]
[Black "Muradli, Mahammad"]
[Result "1/2-1/2"]
[WhiteTitle ""]
[BlackTitle ""]
[WhiteElo "2702"]
[BlackElo "2539"]
[WhiteFideId "2023970"]
[BlackFideId "13409301"]
[EventDate "2023.02.03"]
[EventType "k.o."]

1. e4 c5 2. Nf3 d6 3. Bb5+ Bd7 4. c4 Nf6 5. Nc3 Nc6 6. O-O g6 7. d4 cxd4 8. Nxd4
Bg7 9. Bxc6 bxc6 10. c5 O-O 11. h3 Qb8 12. Qe2 Qb4 13. Be3 Rab8 14. Rab1 Rfe8
15. Nc2 Qa5 16. b4 Qc7 17. Rfd1 a5 18. a3 axb4 19. axb4 dxc5 20. Bxc5 Bc8 21.
Qd2 Ba6 22. Ra1 Rbd8 23. Qe3 Rxd1+ 24. Rxd1 Nd7 25. Bd4 e5 26. Bc5 Nxc5 27. Qxc5
Qb7 28. Qe3 Bc4 29. Na4 h5 30. Nc5 Qa8 31. Qc3 Be2 32. Re1 Bb5 33. Ra1 Qd8 34.
Na3 h4 35. Nxb5 cxb5 36. Qd3 Qxd3 37. Nxd3 Rd8 38. Ra3 Rd4 39. f3 Rc4 40. Rb3 f5
41. exf5 gxf5 42. Kf2 Kf7 43. Rb1 Ke6 44. Nc5+ Kf7 45. Nd3 Rc2+ 46. Kf1 Ke6 47.
Rd1 Bf8 48. Re1 Bd6 49. Nxe5 Bxb4 50. Nc6+ Bxe1 51. Nd4+ Kd5 52. Nxc2 Bg3 53.
Ke2 Kc4 54. Ne3+ Kc3 55. Nxf5 Bf4 56. Ne7 Be5 57. Nd5+ Kd4 58. Nb4 Kc3 59. Nd5+
Kd4 60. Nb4 Kc3 61. Nd3 Bd6 62. f4 b4 63. f5 b3 64. f6 Kd4 65. f7 Kc3 66. Ke3
Bf8 67. Ke2 Kc2 68. Ke3 Bh6+ 69. Ke2 Bf8 70. Ke3 Kc3 71. Ke4 Kc2 72. Kd4 Kd2 73.
Ke4 Kc2 74. Kd4 Kd2 75. Kc4 Kc2 76. Ne1+ Kd1 77. Nd3 Kd2 78. Kd4 Bg7+ 79. Kc4
Bf8 80. Kd4 Kc2 81. Kc4 Kd2 1/2-1/2

[Event "Airthings Masters - Match Preliminari"]
[Site "Internet"]
[Date "03.02.2023"]
[Round "P1.1"]
[White "Hakobyan, Aram"]
[Black "Narayanan, S.L."]
[Result "1-0"]
[WhiteTitle ""]
[BlackTitle ""]
[WhiteElo "2620"]
[BlackElo "2669"]
[WhiteFideId "13306677"]
[BlackFideId "5058422"]
[EventDate "2023.02.03"]
[EventType "k.o."]

1. d4 Nf6 2. c4 e6 3. Nc3 Bb4 4. e3 O-O 5. a3 Bxc3+ 6. bxc3 c5 7. Ne2 Nc6 8. Ng3
d5 9. cxd5 exd5 10. Bd3 Re8 11. O-O Ne4 12. Qc2 Nxg3 13. hxg3 h6 14. dxc5 Ne5
15. c4 d4 16. exd4 Qxd4 17. Bh7+ Kh8 18. Bb2 Qxc5 19. Rfe1 Bd7 20. Rad1 Bc6 21.
Qf5 f6 22. Bg6 Nxg6 23. Qxc5 1-0

[Event "Airthings Masters - Match Preliminari"]
[Site "Internet"]
[Date "03.02.2023"]
[Round "P1.1"]
[White "Gledura, Benjamin"]
[Black "Vasquez Schroeder, Rodrigo"]
[Result "0-1"]
[WhiteTitle ""]
[BlackTitle ""]
[WhiteElo "2633"]
[BlackElo "2513"]
[WhiteFideId "712779"]
[BlackFideId "3400042"]
[EventDate "2023.02.03"]
[EventType "k.o."]

1. d4 Nf6 2. c4 e6 3. Nc3 Bb4 4. e3 O-O 5. Ne2 Re8 6. a3 Bf8 7. Ng3 d5 8. cxd5
exd5 9. Bd3 b6 10. O-O Bb7 11. b4 a6 12. Qb3 Nbd7 13. f3 Rb8 14. e4 c5 15. Nxd5
Nxd5 16. exd5 cxd4 17. Bf4 Rc8 18. Nf5 Rc3 19. Qb1 Ne5 20. Bxe5 Rxe5 21. Nxd4 g6
22. Rd1 Rxd5 23. Be4 Rxd4 24. Bxb7 a5 25. Kh1 Rxd1+ 26. Qxd1 Qxd1+ 27. Rxd1 axb4
28. axb4 Bxb4 29. g3 Rc7 30. Bd5 Kg7 31. Kg2 Bc5 32. f4 Re7 33. Bc4 Re4 34. Bb3
Re2+ 35. Kh3 Re3 36. Bc4 Re7 37. Rd2 h5 38. Kg2 Rc7 39. Rc2 Rd7 40. Kf3 Rd4 41.
Bb5 Rb4 42. Bc4 f6 43. h3 g5 44. fxg5 fxg5 45. Be2 Rb3+ 46. Kg2 Bd6 47. g4 Rg3+
48. Kf2 h4 49. Bf1 Bc5+ 50. Ke2 Kf6 51. Rd2 Ke5 52. Rd8 Re3+ 53. Kd2 Rf3 54. Ke2
Rf2+ 55. Ke1 Rh2 56. Rd7 Ke4 57. Rf7 Ke3 58. Rf5 Rb2 59. Kd1 Rd2+ 60. Kc1 Rf2
61. Kd1 Rf3 62. Bg2 Rf4 63. Rxg5 Rd4+ 64. Kc1 Kf2 65. Bd5 Kg3 66. Rf5 Kxh3 67.
g5 Kg4 68. Be6 Rd6 69. Bc8 Kh5 70. Kb1 Be3 71. Rf6 Rd1+ 72. Ka2 Kxg5 73. Rf5+
Kg6 74. Re5 Bc5 75. Re4 Rh1 76. Kb3 h3 77. Rh4 h2 78. Bb7 Rb1+ 79. Kc2 Ra1 80.
Kb2 Ra7 81. Be4+ Kg5 82. Rxh2 Kf4 83. Bc2 Ra3 84. Rh4+ Kg3 85. Re4 Rf3 86. Rc4
Kf2 87. Re4 Rf6 88. Bd3 Rc6 89. Kb3 Rc7 90. Bc4 Kf3 91. Bd5 Kf2 92. Bc4 Ra7 93.
Kb2 Ra4 94. Bd3 Ra3 95. Bc4 Rh3 96. Re2+ Kf3 97. Re6 Kf4 98. Kc2 Bd4 99. Bd3 Be5
100. Rxb6 Rh2+ 101. Kc1 Ke3 102. Rb3 Kd4 103. Kb1 Bf4 104. Bc2 Kc4 105. Rd3 Be5
106. Rd1 Bc3 107. Rf1 Rh5 108. Rf4+ Bd4 109. Rf1 Ra5 110. Kc1 Ra3 111. Kd2 Re3
112. Rh1 Rg3 113. Rf1 Rg2+ 114. Kd1 Be3 115. Rf3 Kd4 116. Ba4 Rd2+ 117. Ke1 Rb2
118. Bd1 Kd3 119. Rh3 Rg2 120. Rf3 Rg5 121. Kf1 Rg1# 0-1

[Event "Airthings Masters - Match Preliminari"]
[Site "Internet"]
[Date "03.02.2023"]
[Round "P1.1"]
[White "Martinez Alcantara, Jose Eduardo"]
[Black "Mitrabha, Guha"]
[Result "1-0"]
[WhiteTitle ""]
[BlackTitle ""]
[WhiteElo "2607"]
[BlackElo "2510"]
[WhiteFideId "3805662"]
[BlackFideId "5057000"]
[EventDate "2023.02.03"]
[EventType "k.o."]

1. e4 c6 2. d4 d5 3. e5 Bf5 4. h4 h5 5. Bd3 Bxd3 6. Qxd3 e6 7. Bg5 Qa5+ 8. Nd2
Qa6 9. c4 Ne7 10. Ne2 Nf5 11. O-O Bb4 12. Ng3 g6 13. Nxf5 gxf5 14. b3 Nd7 15.
Nf3 Be7 16. a4 Nf8 17. a5 Ng6 18. g3 Kf8 19. Bxe7+ Nxe7 20. Qc3 Rc8 21. Rfd1 Rg8
22. Ng5 Kg7 23. Nh3 Ng6 24. Rac1 Rgd8 25. Qe3 Qxa5 26. Qg5 Kf8 27. Qxh5 Qa3 28.
Qh6+ Ke8 29. cxd5 Rxd5 30. h5 Qf8 31. Qg5 Ne7 32. Nf4 Rb5 33. h6 Nd5 34. Nh5 Kd7
35. Rc5 Rxb3 36. Rxd5+ exd5 37. h7 Qh8 38. Qxf5+ Kc7 39. Qxf7+ Kb8 40. e6 Rb2
41. Re1 Rf8 42. e7 Rxf7 43. e8=Q+ 1-0

[Event "Airthings Masters - Match Preliminari"]
[Site "Internet"]
[Date "03.02.2023"]
[Round "P1.1"]
[White "Lenderman, Aleksandr"]
[Black "Kamsky, Gata"]
[Result "1/2-1/2"]
[WhiteTitle ""]
[BlackTitle ""]
[WhiteElo "2572"]
[BlackElo "2664"]
[WhiteFideId "2021285"]
[BlackFideId "2000024"]
[EventDate "2023.02.03"]
[EventType "k.o."]

1. d4 Nf6 2. c4 e6 3. g3 d5 4. Bg2 Be7 5. Nf3 O-O 6. Nc3 Nbd7 7. Qd3 a6 8. cxd5
exd5 9. O-O c6 10. Rd1 Re8 11. Bf4 Nh5 12. Bd2 Nhf6 13. Rac1 a5 14. Qc2 g6 15.
Bg5 Nb6 16. e3 Bf5 17. Qe2 Ne4 18. Bxe7 Qxe7 19. Nxe4 Bxe4 20. Bh3 Bxf3 21. Qxf3
Nc4 22. Rc2 Nd6 23. Bf1 Kg7 24. Bd3 h5 25. h4 Qd7 26. Qe2 Re6 27. Kg2 Rae8 28.
Rc5 Ra8 29. Rdc1 Rf6 30. b3 Qe6 31. Qc2 Qg4 32. Qd1 Qe6 33. Qc2 Qg4 34. Qd1 Qe6
35. Qc2 1/2-1/2

[Event "Airthings Masters - Match Preliminari"]
[Site "Internet"]
[Date "03.02.2023"]
[Round "P1.1"]
[White "Vidit, Santosh Gujrathi"]
[Black "Tabatabaei, M. Amin"]
[Result "1/2-1/2"]
[WhiteTitle ""]
[BlackTitle ""]
[WhiteElo "2730"]
[BlackElo "2677"]
[WhiteFideId "5029465"]
[BlackFideId "12521213"]
[EventDate "2023.02.03"]
[EventType "k.o."]

1. e4 c6 2. Nf3 d5 3. d3 dxe4 4. dxe4 Qxd1+ 5. Kxd1 Nf6 6. Nfd2 Ng4 7. Ke1 e5 8.
Nb3 f5 9. Nc3 Bb4 10. Bd2 Nf6 11. a3 Be7 12. Bd3 f4 13. Na5 b6 14. Nc4 Nbd7 15.
a4 O-O 16. Ne2 Ba6 17. f3 Bxc4 18. Bxc4+ Kh8 19. b4 a5 20. bxa5 bxa5 21. Nc1 Nb6
22. Be6 Rfe8 23. Nd3 Nxe4 24. Bf7 Nxd2 25. Bxe8 Nxf3+ 26. gxf3 Rxe8 27. Ke2 Bf6
28. Ra3 e4 29. Nxf4 Nc4 30. Ra2 exf3+ 31. Kxf3 Nd2+ 32. Kg2 Bg5 33. Nh5 Re2+ 34.
Kh3 g6 35. Ng3 Rf2 36. c3 h5 37. Rg1 Bf4 38. Rg2 Rxg2 39. Kxg2 Nc4 40. Ne4 Kg7
41. Rf2 Be5 42. h3 Nb6 43. Ra2 Kf7 44. Kf3 Ke6 45. Ke2 Kd5 46. Kd3 c5 47. Ra1
c4+ 48. Ke3 Kc6 49. Kd2 Kd5 50. Nf2 Bf4+ 51. Kc2 Be3 52. Rd1+ Ke5 53. Re1 Kf4
54. Nd1 Nd5 55. Nxe3 Nxe3+ 56. Kd2 Nd5 57. Re6 g5 58. Rh6 h4 59. Rd6 Ne7 60. Ra6
g4 61. hxg4 h3 62. Rh6 Kxg4 63. Ke2 Nf5 64. Rh8 Nh4 65. Rg8+ Kf4 66. Rh8 Kg3 67.
Rg8+ Kf4 68. Rh8 Kg3 69. Rg8+ Kf4 1/2-1/2

[Event "Airthings Masters - Match Preliminari"]
[Site "Internet"]
[Date "03.02.2023"]
[Round "P1.1"]
[White "Yoo, Christopher Woojin"]
[Black "Radjabov, Teimour"]
[Result "1-0"]
[WhiteTitle ""]
[BlackTitle ""]
[WhiteElo "2589"]
[BlackElo "2747"]
[WhiteFideId "30909694"]
[BlackFideId "13400924"]
[EventDate "2023.02.03"]
[EventType "k.o."]

1. e4 e5 2. Nf3 Nc6 3. Bc4 Bc5 4. b4 Bb6 5. a4 a6 6. O-O Nf6 7. d4 exd4 8. e5 d5
9. exf6 dxc4 10. fxg7 Rg8 11. Re1+ Be6 12. Bg5 Qd6 13. Nbd2 Qxb4 14. Ne4 Rxg7
15. Nf6+ Kf8 16. Bh6 Qc5 17. Rxe6 fxe6 18. Nd7+ 1-0

[Event "Airthings Masters - Match Preliminari"]
[Site "Internet"]
[Date "03.02.2023"]
[Round "P1.1"]
[White "Indjic, Aleksandar"]
[Black "Antipov, Mikhail Al."]
[Result "1-0"]
[WhiteTitle ""]
[BlackTitle ""]
[WhiteElo "2641"]
[BlackElo "2581"]
[WhiteFideId "911925"]
[BlackFideId "4107012"]
[EventDate "2023.02.03"]
[EventType "k.o."]

1. d4 Nf6 2. Nf3 d5 3. Bf4 Nh5 4. Be3 e6 5. c3 Nd7 6. Nbd2 Bd6 7. Bg5 f6 8. Be3
O-O 9. g4 Nf4 10. Bxf4 Bxf4 11. e3 Bd6 12. Bd3 e5 13. Bf5 Qe7 14. Qb3 c6 15.
O-O-O g6 16. Bb1 a5 17. a4 b5 18. axb5 a4 19. Qa2 a3 20. b4 Nb6 21. bxc6 Bxg4
22. Rdg1 Be6 23. Bxg6 Kh8 24. Bc2 e4 25. Ne1 Rfc8 26. Nb3 Na4 27. Nc5 Nxc3 28.
Qa1 Ne2+ 29. Kd2 Nxg1 30. Rxg1 Rxc6 31. Bb3 Bxh2 32. Rh1 Bd6 33. Nc2 Bg8 34. Qa2
Qf7 35. Rg1 Rb6 36. Rxg8+ Qxg8 37. Bxd5 Qg2 38. Bxa8 Qxf2+ 39. Kc3 Rb8 40. Bxe4
Re8 41. Qd5 Bxc5 42. dxc5 Qg1 43. Qb7 Qg8 44. Bd5 Qg5 45. Kb3 Qe5 46. Kxa3 Qc3+
47. Bb3 Rd8 48. Ka4 Rd3 49. Nd4 Rxe3 50. Qc8+ 1-0

[Event "Airthings Masters - Match Preliminari"]
[Site "Internet"]
[Date "03.02.2023"]
[Round "P1.1"]
[White "Petrosyan, Manuel"]
[Black "Nesterov, Arseniy"]
[Result "0-1"]
[WhiteTitle ""]
[BlackTitle ""]
[WhiteElo "2634"]
[BlackElo "2568"]
[WhiteFideId "13300857"]
[BlackFideId "24198455"]
[EventDate "2023.02.03"]
[EventType "k.o."]

1. d4 d5 2. Bf4 Nf6 3. e3 Bf5 4. Bd3 Bxd3 5. cxd3 c6 6. Nc3 e6 7. Nf3 Bd6 8. O-O
Bxf4 9. exf4 O-O 10. Qd2 Nbd7 11. Ne5 Qb6 12. Ne2 c5 13. dxc5 Qxc5 14. Rac1 Qb6
15. Qc3 Nxe5 16. fxe5 Nd7 17. Rfe1 h6 18. Nd4 Rac8 19. Qxc8 Rxc8 20. Rxc8+ Kh7
21. Nf3 Qxb2 22. Rc7 Qb5 23. h4 Nc5 24. Rxf7 Nxd3 25. Rd1 Qb2 26. Rxd3 Qb1+ 27.
Ne1 Qxe1+ 28. Kh2 Qxe5+ 29. Rg3 Qb2 30. Rb3 Qxa2 31. Rbxb7 Qa1 32. Rxa7 Qd4 33.
g3 Kg6 34. Rae7 Qe5 35. Rf4 h5 36. Kg2 Qd6 37. Rff7 Qe5 38. Rb7 Qe4+ 39. Kg1
Qe1+ 40. Kh2 Qe5 41. Rf4 Qd6 42. Rf3 Qe5 43. Rb6 d4 44. Rb7 Qd5 45. Rff7 e5 46.
Rxg7+ Kf6 47. Rbd7 Qa2 48. Kg2 e4 49. Rg5 e3 50. Rxd4 Qxf2+ 51. Kh3 Qf1+ 52. Kh2
e2 53. Rf4+ Qxf4 54. gxf4 e1=Q 55. Kh3 Qf2 56. f5 Qf4 57. Rg6+ Kxf5 58. Rg5+ Ke4
59. Rg3 Qf1+ 60. Kh2 Kf4 61. Rg5 Qf2+ 62. Kh3 Qf3+ 63. Kh2 Qd1 64. Rg2 Qe1 65.
Rg8 Qxh4+ 66. Kg2 Qf6 67. Rg3 Qc6+ 68. Kh3 Qh1# 0-1

[Event "Airthings Masters - Match Preliminari"]
[Site "Internet"]
[Date "03.02.2023"]
[Round "P1.2"]
[White "Mamedov, Rauf"]
[Black "Nepomniachtchi, Ian"]
[Result "1-0"]
[WhiteTitle ""]
[BlackTitle ""]
[WhiteElo "2646"]
[BlackElo "2793"]
[WhiteFideId "13401653"]
[BlackFideId "4168119"]
[EventDate "2023.02.03"]
[EventType "k.o."]

1. e4 e5 2. Nf3 Nf6 3. Nxe5 d6 4. Nf3 Nxe4 5. d4 d5 6. Bd3 Bd6 7. O-O O-O 8. c4
c6 9. Nc3 Nxc3 10. bxc3 dxc4 11. Bxc4 Bf5 12. Bg5 Qa5 13. Nh4 Be6 14. Bxe6 Qxg5
15. Nf3 Qa5 16. Bh3 Qc7 17. c4 Nd7 18. Re1 Rfe8 19. Qb3 Nf6 20. c5 Bf8 21. g3 b6
22. Rxe8 Rxe8 23. cxb6 axb6 24. Rb1 b5 25. Rc1 Bd6 26. Qc3 h6 27. Qxc6 Qb8 28.
Bf1 b4 29. Bc4 g6 30. Bb3 Kg7 31. Kg2 Re7 32. Re1 Rxe1 33. Nxe1 Qd8 34. Nd3 Qe7
35. Qf3 h5 36. h3 Qa7 37. Ne5 Bxe5 38. dxe5 Nh7 39. h4 Qe7 40. Qd5 Nf8 41. Qd6
Qe8 42. Bd5 Kg8 43. Bb3 Qa8+ 44. Kg1 Qe8 45. Kh2 Kg7 46. Qd4 Kg8 47. Kg2 Qa8+
48. Bd5 Qb8 49. Qf4 Qe8 50. Qxb4 Qxe5 51. Qb3 Qe7 52. a4 Nd7 53. a5 Nc5 54. Qb6
Kg7 55. a6 Nd7 56. Qd4+ 1-0

[Event "Airthings Masters - Match Preliminari"]
[Site "Internet"]
[Date "03.02.2023"]
[Round "P1.2"]
[White "Sarana, Alexey"]
[Black "Caruana, Fabiano"]
[Result "1-0"]
[WhiteTitle ""]
[BlackTitle ""]
[WhiteElo "2668"]
[BlackElo "2766"]
[WhiteFideId "24133795"]
[BlackFideId "2020009"]
[EventDate "2023.02.03"]
[EventType "k.o."]

1. d4 Nf6 2. c4 e6 3. Nc3 Bb4 4. e3 O-O 5. Bd3 c5 6. Ne2 Nc6 7. O-O d5 8. a3
cxd4 9. axb4 dxc3 10. b5 Ne5 11. c5 Ne4 12. Bxe4 dxe4 13. Nxc3 f5 14. b6 a6 15.
Nb5 Bd7 16. Nc7 Rc8 17. Qd4 Qf6 18. Bd2 Bb5 19. Nxb5 axb5 20. Bc3 Nc6 21. Qd6 e5
22. Qxf6 gxf6 23. f3 Rcd8 24. fxe4 fxe4 25. g4 Rd3 26. Kf2 b4 27. Be1 Rb3 28.
Ra2 Rd8 29. Ke2 Rdd3 30. Rxf6 Rxe3+ 31. Kd1 Rbd3+ 32. Bd2 Rf3 33. Rxc6 bxc6 34.
Ke2 Kg7 35. Ra7+ Kg6 36. b7 Rf8 37. Bxb4 Rb8 38. Bc3 Rd7 39. Ra6 Rbxb7 40. Rxc6+
Kg5 41. Re6 Kxg4 42. c6 Rdc7 43. cxb7 Rxb7 44. Rxe5 Kh3 45. Rh5+ 1-0

[Event "Airthings Masters - Match Preliminari"]
[Site "Internet"]
[Date "03.02.2023"]
[Round "P1.2"]
[White "Pichot, Alan"]
[Black "Guseinov, Gadir"]
[Result "1/2-1/2"]
[WhiteTitle ""]
[BlackTitle ""]
[WhiteElo "2638"]
[BlackElo "2661"]
[WhiteFideId "110973"]
[BlackFideId "13401378"]
[EventDate "2023.02.03"]
[EventType "k.o."]

1. e4 c5 2. Nf3 e6 3. d4 cxd4 4. Nxd4 Nf6 5. Nc3 Nc6 6. Be2 Bb4 7. O-O Bxc3 8.
bxc3 Nxe4 9. Nxc6 dxc6 10. Bd3 Nc5 11. Qg4 Qf6 12. Bg5 Qxc3 13. Rad1 h6 14. Be3
O-O 15. Bxh6 f5 16. Qg3 Ne4 17. Qg6 Qf6 18. Qxf6 Nxf6 19. Bf4 Rd8 20. c4 c5 21.
Be2 Bd7 22. Bf3 Bc6 23. Bxc6 bxc6 24. f3 Kf7 25. Be5 Ke7 26. Kf2 g6 27. Ke2 Nd7
28. Bd6+ Ke8 29. Rd3 Nb6 30. Bxc5 Nxc4 31. Rb1 Nb6 32. Ra3 Nc4 33. Rd3 Rxd3 34.
Kxd3 Nb6 35. Bxb6 axb6 36. Rxb6 Ra3+ 37. Kd4 Rxa2 38. Rxc6 Kf7 39. Ke5 Re2+ 40.
Kf4 Rxg2 41. h4 Kf6 42. Ra6 Rb2 43. Rc6 Re2 44. Ra6 Kg7 45. Ra7+ Kf6 46. Ra6 Re1
47. Rb6 Ke7 48. Rb7+ Kd6 49. Rg7 Rg1 50. h5 e5+ 51. Ke3 g5 52. h6 Ke6 53. h7 Rh1
54. Rg6+ Kd5 55. Rxg5 f4+ 56. Kd3 Rxh7 57. Rg8 Rh1 58. Rd8+ Ke6 59. Re8+ Kf6 60.
Ke2 Rh2+ 61. Kf1 Ra2 62. Ke1 Ra5 63. Kf2 Kf7 64. Rb8 Ra2+ 65. Ke1 Ke6 66. Re8+
Kf5 67. Rf8+ Kg5 68. Rg8+ Kh4 69. Kf1 Kh3 70. Rg5 Rb2 71. Rg8 Kh2 72. Rg5 Ra2
73. Rg8 Rc2 74. Rg5 Kh3 75. Rg8 Kh4 76. Rg7 Rc6 77. Ke2 Ra6 78. Rg8 Rb6 79. Rg7
Kh5 80. Kf2 Rb2+ 81. Kf1 Rb5 82. Kf2 Rd5 83. Kf1 Kh6 84. Rg8 Ra5 85. Kf2 Ra2+
86. Kf1 Ra6 87. Ke2 Re6 88. Kd3 Rg6 89. Re8 Kg5 90. Ke4 Kh4 91. Rxe5 Kg3 92. Re8
Rg7 93. Re6 Rg8 94. Re7 Rf8 95. Rg7+ Kf2 96. Rg4 Re8+ 97. Kxf4 Rf8+ 98. Ke4 Rxf3
99. Rf4 Rxf4+ 100. Kxf4 1/2-1/2

[Event "Airthings Masters - Match Preliminari"]
[Site "Internet"]
[Date "03.02.2023"]
[Round "P1.2"]
[White "Durarbayli, Vasif"]
[Black "Yakubboev, Nodirbek"]
[Result "1/2-1/2"]
[WhiteTitle ""]
[BlackTitle ""]
[WhiteElo "2635"]
[BlackElo "2630"]
[WhiteFideId "13402935"]
[BlackFideId "14203987"]
[EventDate "2023.02.03"]
[EventType "k.o."]

1. e4 e5 2. Nf3 Nc6 3. Bb5 a6 4. Ba4 Nf6 5. O-O Nxe4 6. d4 b5 7. Bb3 d5 8. dxe5
Be6 9. c3 Be7 10. Re1 O-O 11. Nd4 Nxd4 12. cxd4 Bb4 13. f3 Qh4 14. Rf1 Ng5 15.
a3 Ba5 16. f4 Bg4 17. Qd3 c5 18. dxc5 Ne6 19. Be3 d4 20. Bxd4 Be2 21. Qxe2 Nxd4
22. Qe3 Rfd8 23. e6 fxe6 24. Bxe6+ Kh8 25. b4 Bc7 26. Ra2 Qf6 27. f5 Nxe6 28.
Qxe6 Qd4+ 29. Raf2 Bf4 30. f6 gxf6 31. Nc3 Be3 32. Ne4 Re8 33. Qxf6+ Qxf6 34.
Nxf6 Bxf2+ 35. Kxf2 Re6 36. Nd7 Rd8 37. Rd1 Kg7 38. Kf3 Re7 39. c6 Re6 40. c7
Rc8 41. Rc1 Re7 42. Nc5 Kf7 43. Nxa6 Re6 44. Nb8 Re7 45. Rc5 Rexc7 46. Rxb5 Rc3+
47. Kf4 Rxa3 48. Rb7+ Kg6 49. Nd7 Rc4+ 50. Ke5 Re3+ 51. Kd5 Rc2 52. Ne5+ Rxe5+
53. Kxe5 Rxg2 54. h4 Rh2 55. b5 Rxh4 56. Kd6 Rb4 57. Kc5 Rb1 58. Rd7 Rc1+ 59.
Kd6 h5 60. b6 Kf5 61. b7 Rb1 62. Kc6 Kg4 63. Rd4+ Kg3 64. Rd3+ Kg4 65. Rd1 Rb2
66. Rg1+ Kf3 67. Rh1 Kg4 68. Rh2 Rxb7 69. Kxb7 h4 70. Kc6 Kg3 71. Rxh4 Kxh4 1/2-1/2

[Event "Airthings Masters - Match Preliminari"]
[Site "Internet"]
[Date "03.02.2023"]
[Round "P1.2"]
[White "Ghosh, Diptayan"]
[Black "Le, Quang Liem"]
[Result "0-1"]
[WhiteTitle ""]
[BlackTitle ""]
[WhiteElo "2553"]
[BlackElo "2728"]
[WhiteFideId "5045207"]
[BlackFideId "12401137"]
[EventDate "2023.02.03"]
[EventType "k.o."]

1. d4 Nf6 2. Nf3 g6 3. g3 Bg7 4. Bg2 O-O 5. O-O d6 6. b3 a5 7. Bb2 a4 8. c4 Bd7
9. Nbd2 Re8 10. Qc2 Na6 11. Bc3 c5 12. dxc5 Nxc5 13. Nd4 Qc8 14. Rfc1 h5 15. b4
Ne6 16. a3 h4 17. Qb2 h3 18. Bh1 Nxd4 19. Bxd4 Bc6 20. e4 e5 21. Bc3 Qe6 22. Re1
Rac8 23. Rac1 Bh6 24. Bf3 Bd7 25. Rcd1 Bxd2 26. Qxd2 Qxc4 27. Ba1 Bg4 28. Bxg4
Nxg4 29. Qxd6 Qa2 30. Qd2 Rc2 31. Qd7 Re6 0-1

[Event "Airthings Masters - Match Preliminari"]
[Site "Internet"]
[Date "03.02.2023"]
[Round "P1.2"]
[White "Safarli, Eltaj"]
[Black "Lazavik, Denis"]
[Result "0-1"]
[WhiteTitle ""]
[BlackTitle ""]
[WhiteElo "2608"]
[BlackElo "2541"]
[WhiteFideId "13402129"]
[BlackFideId "13515110"]
[EventDate "2023.02.03"]
[EventType "k.o."]

1. e4 c5 2. Nc3 Nc6 3. Bb5 Nd4 4. Nf3 e6 5. O-O a6 6. Bd3 Nc6 7. e5 d6 8. exd6
Bxd6 9. Re1 Nge7 10. Ne4 h6 11. b3 O-O 12. Bb2 b6 13. Nxd6 Qxd6 14. Ne5 Nd4 15.
Nc4 Qd8 16. Be4 Rb8 17. c3 Ndc6 18. d4 cxd4 19. cxd4 Bb7 20. Ba3 b5 21. Ne5 b4
22. Bb2 Nxe5 23. dxe5 Qxd1 24. Raxd1 Bxe4 25. Rxe4 Rfc8 26. Kf1 a5 27. Ke2 Nd5
28. Rc4 Rd8 29. g3 Ra8 30. a4 bxa3 31. Bxa3 Rdb8 32. Rd3 Rb5 33. Bd6 Kh7 34. h4
h5 35. Kd2 Kg6 36. Kc2 Nb6 37. Rc5 Rxc5+ 38. Bxc5 Nd5 39. Bd6 Ra6 40. Rd4 f6 41.
Ra4 Kf5 42. Kb2 fxe5 43. Bf8 g6 44. Bh6 Nb4 45. Bd2 Nd3+ 46. Kc2 Nxf2 47. Rxa5
Rc6+ 48. Bc3 Ng4 49. b4 Ne3+ 50. Kd3 Nd5 51. Rc5 e4+ 52. Kd4 Rxc5 53. bxc5 Nxc3
54. Kxc3 Ke5 55. Kc4 e3 56. Kd3 Kd5 57. Kxe3 Kxc5 58. Ke4 Kd6 59. Kf4 e5+ 60.
Kg5 e4 61. Kf4 Kd5 62. Ke3 Ke5 63. Kf2 Kd4 64. Ke2 e3 65. Ke1 Kd3 66. Kd1 e2+
67. Ke1 Ke3 68. g4 hxg4 69. h5 g3 70. hxg6 g2 0-1

[Event "Airthings Masters - Match Preliminari"]
[Site "Internet"]
[Date "03.02.2023"]
[Round "P1.2"]
[White "Praggnanandhaa, R"]
[Black "Predke, Alexandr"]
[Result "0-1"]
[WhiteTitle ""]
[BlackTitle ""]
[WhiteElo "2690"]
[BlackElo "2684"]
[WhiteFideId "25059530"]
[BlackFideId "24107581"]
[EventDate "2023.02.03"]
[EventType "k.o."]

1. Nf3 c5 2. g3 Nc6 3. Bg2 g6 4. c3 e5 5. e4 Bg7 6. O-O d6 7. a3 Nge7 8. b4 O-O
9. d3 f5 10. Qb3+ Kh8 11. Ng5 Qe8 12. exf5 gxf5 13. bxc5 dxc5 14. Ne6 Bxe6 15.
Qxe6 Rd8 16. Qc4 Na5 17. Qa2 Rxd3 18. Nd2 e4 19. Nb3 Nxb3 20. Qxb3 Qc6 21. Rb1
b6 22. Rd1 c4 23. Qc2 Rxc3 24. Qe2 Rd3 25. Bb2 Rfd8 26. Bxg7+ Kxg7 27. Rdc1 Qc5
28. Qh5 Rd2 29. Rf1 c3 30. Rbc1 c2 31. g4 Kh8 32. Qg5 Qe5 33. gxf5 e3 34. f4
Qxf5 35. Qxe7 Rg8 36. Kh1 Rgxg2 37. Qe8+ Rg8 38. Qxe3 Qd5+ 39. Qf3 Qxf3+ 40.
Rxf3 Rd1+ 41. Rf1 Rxf1+ 42. Rxf1 Rd8 0-1

[Event "Airthings Masters - Match Preliminari"]
[Site "Internet"]
[Date "03.02.2023"]
[Round "P1.2"]
[White "Sevian, Samuel"]
[Black "Bluebaum, Matthias"]
[Result "1/2-1/2"]
[WhiteTitle ""]
[BlackTitle ""]
[WhiteElo "2687"]
[BlackElo "2663"]
[WhiteFideId "2040506"]
[BlackFideId "24651516"]
[EventDate "2023.02.03"]
[EventType "k.o."]

1. e4 e6 2. d4 d5 3. Nc3 Nf6 4. Bg5 dxe4 5. Nxe4 Be7 6. Bxf6 gxf6 7. Qd2 c5 8.
Nxc5 Bxc5 9. dxc5 Qxd2+ 10. Kxd2 Ke7 11. Nf3 a5 12. Bb5 1/2-1/2

[Event "Airthings Masters - Match Preliminari"]
[Site "Internet"]
[Date "03.02.2023"]
[Round "P1.2"]
[White "Xu, Xiangyu"]
[Black "Yu, Yangyi"]
[Result "1/2-1/2"]
[WhiteTitle ""]
[BlackTitle ""]
[WhiteElo "2578"]
[BlackElo "2729"]
[WhiteFideId "8608288"]
[BlackFideId "8603820"]
[EventDate "2023.02.03"]
[EventType "k.o."]

1. d4 Nf6 2. c4 e6 3. g3 d5 4. Bg2 Be7 5. Nf3 O-O 6. Qc2 dxc4 7. Qxc4 a6 8. Qc2
Nc6 9. O-O Nxd4 10. Nxd4 Qxd4 11. Qxc7 Nd5 12. Qc2 Bd7 13. Rd1 Rac8 14. Nc3 Qc4
15. Bxd5 exd5 16. Qd3 Be6 17. Be3 Rfd8 18. Rac1 Qb4 19. Bd4 h6 20. b3 Rc6 21.
Na4 Rdc8 22. Rxc6 Rxc6 23. Nc3 Qa5 24. a4 Qb4 25. Na2 Qa3 26. Qb1 Bc5 27. Bxc5
Rxc5 28. Rd4 g6 29. g4 Rc8 30. h3 a5 31. Kg2 b6 32. e3 Qc5 33. Rd3 Qc2 34. Qxc2
Rxc2 35. Nc3 d4 36. Nb5 dxe3 37. Rxe3 Rd2 38. Kg3 Kg7 39. h4 Kf6 40. Nc7 Bd7 41.
f4 Rd4 42. g5+ hxg5 43. hxg5+ Kg7 44. Rc3 Kf8 45. Re3 Bc6 46. Rc3 Bd7 47. Re3
Rd1 48. Na8 Rd6 49. Nc7 Rd4 50. Na8 Rd6 51. Nc7 Rd4 52. Na8 Rd6 1/2-1/2